50 Questions sur le Weekly Shōnen Jump - Statistiques

Statistiques générales
  • Ce quiz a été pris 62 fois
    22 depuis la dernière actualisation
  • Le résultat moyen est 28 sur 50
Statistiques - réponses
Question Réponse % Correct
Dans quel pays le Jump est-il publié ? Japon
100%
Quels sont les trois mangas formant le « Big Three » ? One Piece | Naruto | Bleach
100%
Quel sport Haikyu!! met-il en scène ? Volleyball
100%
Lequel de ces mangas ne provient pas du Jump ? Berserk
95%
Lequel de ces mangas du Jump ne traite pas de Basketball ? Eyeshield 21
95%
Quel manga issu du Jump est le manga le plus vendu de tous les temps ? One Piece
95%
A quelle cible éditoriale s'adresse le Jump ? Shōnen
95%
A quelle fréquence le Jump est-il publié ? Hebdomadaire
90%
À quelle maison d'édition appartient le Jump ? Shueisha
90%
Quel célèbre jeu de cartes à jouer et collectionner est tiré d'un manga du Jump ? Yu-Gi-Oh!
90%
Avant Dragon Ball, Akira Toriyama a également écrit un manga à succès dans le Jump, quel est son titre ? Dr. Slump
85%
Sans compter les suites ni les séries dérivées, en combien de tomes s'est compilée l'édition simple de Dragon Ball ? 42
80%
En 2020, quel manga du Jump a établi un record en s'écoulant à plus de 82 millions de tomes ? Demon Slayer
80%
Quelle célèbre licence de jeu vidéo s'est vu adaptée en manga au sein du Jump ? Dragon Quest
80%
Comment est appelée la période où le magazine était au sommet de sa gloire ? L'âge d'Or
80%
Quels sont les trois mots qui représentent les piliers de l'orientation éditorial du Jump ? Amitié | Effort | Victoire
75%
Quel fut le titre utilisé pour la première édition française de Kimetsu no Yaiba ? Les Rôdeurs de la nuit
75%
Lequel de ces mangas du Jump n'a pas été écrit par Kohei Horikoshi ? Hungry Joker
70%
Quel est le manga à avoir publié le plus grand nombre de chapitres dans le Jump ? Kochikame
70%
Lequel de ces mangas n'a pas été adapté en anime par Toei Animation ? Naruto
70%
En quelle année a débuté la parution du Jump ? 1968
65%
Lequel de ces mangas n'est pas l’œuvre d'un duo de mangakas ? Kenshin le Vagabond
65%
Quels sont les deux magazines qui font office de principaux concurrents au Weekly Shōnen Jump ? Weekly Shōnen Sunday | Weekly Shōnen Magazine
65%
Lequel de ces mangas du Jump n'a pas été écrit par Yūsei Matsui ? Medaka Box
60%
Comme dit précédemment, Jojo fut transféré vers un autre magazine, mais vers lequel ? Ultra Jump
60%
Quel manga du Jump, écrit par le célèbre mangaka Gō Nagai, est considéré comme le précurseur du genre ecchi ? Harenchi Gakuen
55%
Quel est le seul manga du Jump à avoir été écrit et dessiné par un duo d'autrices ? Ichi the Witch
50%
Parmi ces animes du Club Dorothée, lequel n'est pas tiré d'un manga du Jump ? Ranma 1/2
50%
Lequel de ces mangas n'est pas l’œuvre d'une femme ? World Trigger
50%
Quel est le record de tirages pour un numéro du Jump ? 6,53 millions
45%
Chaque année depuis 2004, le Jump organise un concours de one-shots pour mangakas débutants, permettant au gagnant de publier une série dans le magazine. Quel est le nom de ce concours ? Golden Future Cup
45%
JoJo's Bizarre Adventure avait débuté dans le Jump mais fut transféré vers un autre magazine. Durant quelle partie du manga ce transfert a-t-il eu lieu ? Steel Ball Run
45%
Pour la sortie de quel film, Eiichiro Oda a-t-il écrit le chapitre 0 de One Piece dans le Jump ? Strong World
45%
Avant de lancer Bleach, Tite Kubo a écrit une autre série dans le Jump, qui fut cependant un échec. Quel est son titre ? Zombiepowder.
45%
Tous les ans depuis 2008, un manga du Jump a été le manga le plus vendu de l'année. À l'exception d'une seule année, laquelle ? 2023
35%
Lequel de ces mangas s'est terminé avec le plus grand nombre de chapitres ? My Hero Academia
30%
Lequel de ces duos de mangakas n'a jamais publié de manga dans le Jump ? Riichirō Inagaki | Ryōichi Ikegami
30%
Quel est le seul manga à avoir été annulé dans le Jump, puis repris suite aux demandes faites par les fans ? Rising Impact
30%
Laquelle de ces célébrités n'est jamais apparue sur une couverture du Jump ? Tiger Woods
30%
Pyu tu Fuku! Jaguar et Enigma sont deux mangas issus du Jump, quelle relation unit leurs auteurs ? Ils sont mariés
25%
Sans compter les potentiels one-shots, quel manga parmi ceux-ci a débuté en premier dans le Jump ? Haikyu!!
20%
Quel est le numéro du Jump qui a eu le plus grand tirage ? N°52 de 1994
20%
Lequel de ces mangas n'était pas présent au sein du tout premier numéro du Jump ? Otoko ippiki gaki daishō
20%
Pour le n°34 de 2022, le Jump fit une collaboration avec un autre magazine. Ainsi, un personnage non issu du Jump apparaît sur la couverture, qui est-il ? Tōru Amuro
20%
Quel manga du Jump n'a jamais gagné le NEXT MANGA AWARDS ? Chainsaw Man
15%
Qui n'a jamais été un éditeur responsable d'épauler Eiichiro Oda sur One Piece ? Hitoshi Koike
15%
Lequel de ces mangas n'est pas issu d'un one-shot ayant gagné le concours évoqué à la question 29 ? Mission: Yozakura Family
15%
Qui fut le premier éditeur en chef du magazine ? Tadasu Nagano
10%
Une nouvelle fois, lequel de ces mangas n'a pas été adapté en anime par Toei Animation ? Whistle!
10%
Quel manga a réussi l'exploit d'obtenir des pages couleurs durant 9 numéros du Jump consécutifs ? Circuit no Okami
5%
Aucun quiz correspondant
Distribution des résultats
% des personnes avec chaque résultat
Percentile par nombre de réponses
Votre historique - résultats
Vous n’avez pas pris ce quiz depuis la dernière actualisation